Jugadores que han debutado en la selección con Luis Aragonés - Estadísticas

Estadísticas generales
  • Esta prueba ha sido intentada 138 veces
  • La puntuación promedio es 10 de 32
Estadísticas de respuestas
Equipo de debut Jugador % Correcto
Barcelona Iniesta
79%
Zaragoza Villa
72%
Sevilla Ramos
66%
Arsenal Fabregas
64%
Villarreal Senna
64%
Liverpool Reina
60%
Valencia Silva
60%
Mallorca Guiza
57%
Villarreal Cazorla
51%
Liverpool Arbeloa
50%
Valencia Albiol
36%
Liverpool Luis Garcia
35%
Espanyol Luis Garcia
35%
Getafe De la Red
34%
Zaragoza Sergio Garcia
32%
Getafe Pernia
22%
Mallorca Fernando Navarro
19%
Sevilla Javi Navarro
19%
Osasuna Soldado
17%
Espanyol Riera
16%
Espanyol De La Peña
14%
Atlético Antonio Lopez
13%
Sevilla Puerta
13%
Atlético Pablo
12%
Celta Oubiña
11%
Valencia Angulo
8%
Deportivo Arizmendi
8%
Valencia Mista
6%
Athletic Del Horno
5%
Villarreal Guayre
4%
Celta Angel
3%
Real Sociedad Lopez Rekarte
2%
No se encontraron pruebas coincidentes
Distribución de puntuación
Porcentaje de gente con cada puntuación
Porcentaje por número respondido
Historial de tus puntuaciones
No has intentado esta prueba.